LIBRARY & INFORMATION CENTRE, KCAET, TAVANUR

ONLINE PUBLIC ACCESS CATALOGUE (OPAC)

American Critical Essays: Twentieth Century / (Record no. 3754)

MARC details
000 -LEADER
fixed length control field 00292cam a2200109ua 4500
082 ## - DEWEY DECIMAL CLASSIFICATION NUMBER
Classification number 828.09
Item number BEH/AM
100 ## - MAIN ENTRY--AUTHOR NAME
Personal name Behaver, Harold .
245 ## - TITLE STATEMENT
Title American Critical Essays: Twentieth Century /
260 ## - PUBLICATION, DISTRIBUTION, ETC. (IMPRINT)
Place of publication London :
Name of publisher Oxford University Press ,
Year of publication 1961.
300 ## - PHYSICAL DESCRIPTION
Number of Pages 364 ; .
942 ## - ADDED ENTRY ELEMENTS (KOHA)
Koha item type Books
Holdings
Withdrawn status Lost status Damaged status Home library Current library Date acquired Full call number Accession Number Koha item type
Withdrawn     KAUAET Sanskrit University 07/04/2012 828.09 5022 Books
free website counter